000 00693nam a2200253Ia 4500
003 OSt
005 20221007065931.0
006 a|||||r|||| 00| 0
007 ta
008 221006b |||||||| |||| 00| 0 eng d
024 _a35,230
037 _cReference Collections
040 _aFLL
_cFLL
_beng
041 _2eng
_aeng
082 _aZ2,9298, Q1
100 _aDiwan Paras
245 0 _aAdministrative law
250 _a4th
260 _aFaridabad
_bAllahabad Law Agency India
_c2011
300 _axxxix,600p
_ccm.
700 _a Diwan Peeyushi
_9101019
942 _hZ2,9298, Q1
_cREF
_2CC
999 _c1138799
_d1138799